Statistiques concernant Toutes les communes du Loir-et-Cher sur une carte

Cliquez ici pour prendre le quiz!

Statistiques générales

  • Ce quiz a été pris 58 fois
  • Le résultat moyen est 52 sur 267

Réponses sur la Carte

Les réponses sont colorées sur une échelle allant du rouge au vert en fonction du pourcentage des utilisateurs qui les ont devinées à leur premier essai. Vous pouvez retrouver ces pourcentages ci-dessous.
 

Statistiques - réponses

CommunePop.% Correct
Blois46 813
98%
Vendôme15 747
89%
Mont-près-Chambord3 333
70%
Romorantin-Lanthenay18 115
67%
Selles-Saint-Denis1 341
67%
Mer6 235
59%
Selles-sur-Cher4 342
59%
Vineuil8 067
57%
Salbris4 897
54%
Chambord95
52%
La Chapelle-Saint-Martin-en-Plaine681
52%
Saint-Martin-des-Bois581
50%
Saint-Ouen3 024
50%
Saint-Aignan2 821
48%
Lamotte-Beuvron4 565
46%
Montrichard Val de Cher3 645
46%
Chaumont-sur-Loire1 086
43%
Chaumont-sur-Tharonne1 054
43%
Cheverny908
43%
Le Controis-en-Sologne6 719
43%
Saint-Jean-Froidmentel525
43%
La Chaussée-Saint-Victor4 497
41%
Montoire-sur-le-Loir3 666
41%
Saint-Denis-sur-Loire882
41%
Saint-Gervais-la-Forêt3 159
41%
Saint-Laurent-des-Bois323
41%
Saint-Laurent-Nouan4 274
41%
Villiers-sur-Loir1 102
39%
Cour-sur-Loire246
37%
Morée1 078
37%
Nouan-le-Fuzelier2 288
35%
Saint-Georges-sur-Cher2 723
35%
Villefranche-sur-Cher2 635
35%
Beauce la Romaine3 393
33%
Fontaine-les-Coteaux327
33%
Saint-Amand-Longpré1 209
33%
Savigny-sur-Braye1 949
33%
Cellé225
30%
Mondoubleau1 308
30%
Saint-Étienne-des-Guérets114
30%
Troo277
30%
Veuzain-sur-Loire3 364
30%
Naveil2 430
28%
Oucques La Nouvelle1 674
28%
Saint-Hilaire-la-Gravelle661
28%
Azé1 002
26%
Bracieux1 331
26%
Épuisay827
26%
Fréteval1 059
26%
Herbault1 145
26%
Marchenoir682
26%
Ouzouer-le-Doyen224
26%
Saint-Cyr-du-Gault175
26%
Talcy272
26%
Thoré-la-Rochette814
26%
Villebarou2 519
26%
Busloup486
24%
La Chapelle-Vendômoise798
24%
La Ferté-Beauharnais564
24%
Lavardin176
24%
Lunay1 248
24%
Pezou1 110
24%
Pruniers-en-Sologne2 290
24%
Saint-Marc-du-Cor178
24%
Tour-en-Sologne1 126
24%
Vallée-de-Ronsard519
24%
Areines587
22%
Authon746
22%
Candé-sur-Beuvron1 510
22%
Cellettes2 686
22%
Chailles2 691
22%
Couëtron-au-Perche1 028
22%
Huisseau-en-Beauce409
22%
Huisseau-sur-Cosson2 308
22%
La Ville-aux-Clercs1 246
22%
Le Plessis-l'Échelle58
22%
Mur-de-Sologne1 513
22%
Neung-sur-Beuvron1 260
22%
Pontlevoy1 515
22%
Sainte-Anne477
22%
Saint-Jacques-des-Guérets94
22%
Saint-Julien-de-Chédon763
22%
Saint-Julien-sur-Cher763
22%
Selommes801
22%
Villedieu-le-Château387
22%
Gy-en-Sologne494
20%
Landes-le-Gaulois733
20%
Lisle190
20%
Menars630
20%
Noyers-sur-Cher2 677
20%
Prunay-Cassereau596
20%
Saint-Léonard-en-Beauce642
20%
Saint-Rimay294
20%
Saint-Sulpice-de-Pommeray1 842
20%
Saint-Viâtre1 183
20%
Sargé-sur-Braye983
20%
Suèvres1 538
20%
Valencisse2 315
20%
Villavard127
20%
Villerable491
20%
Angé805
17%
Binas643
17%
Châtillon-sur-Cher1 677
17%
Chissay-en-Touraine1 070
17%
Danzé671
17%
Droué1 017
17%
Fortan250
17%
Fossé1 287
17%
Fresnes1 186
17%
La Ferté-Imbault954
17%
La Marolle-en-Sologne350
17%
Les Montils1 904
17%
Les Roches-l'Évêque277
17%
Lignières400
17%
Marcilly-en-Beauce324
17%
Marcilly-en-Gault730
17%
Mazangé823
17%
Meslay307
17%
Pouillé802
17%
Rocé221
17%
Saint-Firmin-des-Prés775
17%
Saint-Lubin-en-Vergonnois777
17%
Souesmes1 028
17%
Sougé471
17%
Valloire-sur-Cisse2 418
17%
Villeromain228
17%
Artins263
15%
Chémery931
15%
Couddes540
15%
Cour-Cheverny2 793
15%
Faverolles-sur-Cher1 401
15%
Faye222
15%
Fontaines-en-Sologne648
15%
Gièvres2 311
15%
Houssay378
15%
Le Gault-du-Perche327
15%
Lestiou285
15%
Mareuil-sur-Cher1 159
15%
Mennetou-sur-Cher875
15%
Mesland560
15%
Moisy352
15%
Montlivault1 294
15%
Muides-sur-Loire1 236
15%
Neuvy321
15%
Oisly388
15%
Rahart298
15%
Rilly-sur-Loire465
15%
Saint-Claude-de-Diray1 780
15%
Saint-Romain-sur-Cher1 447
15%
Villechauve255
15%
Villefrancœur423
15%
Villetrun315
15%
Vouzon1 434
15%
Averdon677
13%
Baillou200
13%
Billy1 079
13%
Bonneveau456
13%
Châteauvieux533
13%
Chitenay1 123
13%
Choue521
13%
Coulommiers-la-Tour575
13%
Crucheray412
13%
Épiais123
13%
La Chapelle-Vicomtesse156
13%
La Ferté-Saint-Cyr1 058
13%
Lassay-sur-Croisne245
13%
Les Essarts99
13%
Millançay713
13%
Monteaux719
13%
Monthou-sur-Bièvre794
13%
Monthou-sur-Cher959
13%
Périgny171
13%
Pierrefitte-sur-Sauldre738
13%
Renay177
13%
Saint-Arnoult319
13%
Saint-Dyé-sur-Loire1 138
13%
Sambin872
13%
Seigy994
13%
Seur479
13%
Ternay330
13%
Theillay1 247
13%
Thésée1 155
13%
Vernou-en-Sologne582
13%
Villemardy273
13%
Villeporcher147
13%
Villerbon819
13%
Villiersfaux244
13%
Ambloy189
11%
Beauchêne157
11%
Boursay179
11%
Champigny-en-Beauce619
11%
Chaon445
11%
Choussy347
11%
Conan164
11%
Cormenon700
11%
Dhuizon1 204
11%
Fontaine-Raoul238
11%
Josnes850
11%
Le Temple178
11%
Marolles719
11%
Maslives679
11%
Maves663
11%
Montrieux-en-Sologne634
11%
Mulsans521
11%
Nourray122
11%
Rhodon117
11%
Romilly148
11%
Santenay289
11%
Soings-en-Sologne1 594
11%
Souvigny-en-Sologne524
11%
Valaire84
11%
Vallières-les-Grandes939
11%
Autainville436
9%
Boisseau99
9%
Châtres-sur-Cher1 122
9%
Chauvigny-du-Perche228
9%
Cormeray1 560
9%
Couffy496
9%
Courbouzon428
9%
Courmemin495
9%
Françay272
9%
La Chapelle-Enchérie211
9%
La Fontenelle204
9%
Lancé477
9%
Lancôme122
9%
Langon-sur-Cher829
9%
Le Plessis-Dorin154
9%
Le Poislay192
9%
Les Hayes168
9%
Loreux210
9%
Méhers313
9%
Montrouveau145
9%
Pray279
9%
Ruan-sur-Egvonne79
9%
Saint-Gourgon97
9%
Saint-Loup367
9%
Sasnières88
9%
Vievy-le-Rayé461
9%
Villeherviers418
9%
Villexanton200
9%
Avaray699
7%
Bouffry134
7%
Brévainville165
7%
Briou144
7%
Concriers192
7%
Crouy-sur-Cosson534
7%
Gombergean166
7%
La Madeleine-Villefrouin32
7%
Lorges348
7%
Maray231
7%
Meusnes1 066
7%
Orçay225
7%
Roches66
7%
Rougeou147
7%
Saint-Bohaire491
7%
Sassay1 078
7%
Séris381
7%
Thoury417
7%
Tourailles131
7%
Veilleins152
7%
Villebout117
7%
Villermain388
7%
Yvoy-le-Marron768
7%
Bauzy273
4%
La Chapelle-Montmartin409
4%
Villeny487
4%
Villeneuve-Frouville67
2%

Distribution des résultats

Percentile par nombre de réponses

% des personnes avec chaque résultat

Votre développement - résultats

Vous n’avez pas pris ce quiz